Marketing information systems for non-timber forest products (Registro nro. 3165)

Detalles MARC
000 -CABECERA
Campo de control 00709nam a2200229 a 4500
005 - FECHA Y HORA DE LA ULTIMA TRANSACCION
Campo de control 20180803165055.0
008 - ELEMENTOS DE LONGITUD FIJA—INFORMACION GENERAL
Campo de control 140310b1995 it ||||| |||| 00| 0 eng d
040 ## - FUENTE DE CATALOGACIÓN
Agencia catalogadora original CO-BoIAVH
Agencia transcriptora CO-BoIAVH
041 ## - IDIOMA
Código de idioma para texto/pista de sonido o título separado Inglés
044 ## - PAÍS DE PUBLICACIÓN
País de publicación Italia
082 04 - NUMERO DE CLASIFICACION DECIMAL DEWEY
Número de clasificación 634.92
Número del ítem K83m
100 1# - ASIENTO PRINCIPAL--NOMBRE PERSONAL
Nombre personal Koppell, Carla
9 (RLIN) 18782
245 2# - MENCION DE TITULO
Título Marketing information systems for non-timber forest products
260 ## - PUBLICACION, DISTRIBUCION, ETC. (PIE DE IMPRENTA)
Lugar de publicación, distribución, etc. Roma
Nombre del editor, distribuidor, etc. FAO
Fecha de publicación, distribución, etc. 1995
300 ## - DESCRIPCION FISICA
Extensión 115 paginas.
Otros detalles físicos ilustraciones;
Dimensiones 27 x 21 cm
650 #4 - ASIENTO SECUNDARIO DE MATERIA - TERMINO TEMATICO
Término temático o nombre geográfico como elemento de entrada Productos no maderables del bosque
9 (RLIN) 6261
650 #4 - ASIENTO SECUNDARIO DE MATERIA - TERMINO TEMATICO
Término temático o nombre geográfico como elemento de entrada Mercadeo
9 (RLIN) 74444
650 #4 - ASIENTO SECUNDARIO DE MATERIA - TERMINO TEMATICO
Término temático o nombre geográfico como elemento de entrada Sistemas de información
9 (RLIN) 92288
650 #4 - ASIENTO SECUNDARIO DE MATERIA - TERMINO TEMATICO
Término temático o nombre geográfico como elemento de entrada Valoración económica
9 (RLIN) 4196
700 1# - ASIENTO SECUNDARIO - NOMBRE PERSONAL
Nombre personal Schoonmaker Freudenberger, Karen
9 (RLIN) 18785
942 ## - ELEMENTOS ADICIONALES (KOHA)
Tipo de ítem Libro
Sistema de clasificación Dewey Decimal Classification
Existencias
Withdrawn status Lost status Sistema de Clasificación Damaged status No para préstamo Colección Inventariado Ubicación Permanente Ubicación actual Fecha de adquisición Fuente de Valor Valor Total Checkouts Número topográfico Inventario / Código de Barras Date last seen Ejemplar Price effective from Tipo de material Forma de adquisición
    Dewey Decimal Classification     General Inventariado 2017 Bogotá Bogotá 01/04/2003 Instituto 39000.00   LB-634.92 K83m 005177 04/12/2012 Ej. 1 04/12/2012 Libro  
    Dewey Decimal Classification     General Inventariado 2017 Sala Fabio Quevedo Sala Fabio Quevedo 05/05/2003 Instituto 39000.00   LB-634.92 K83m 005178 04/12/2012 Ej. 2 04/12/2012 Libro Donación